000 00860nam a2200181Ia 4500
008 151202s9999||||xx |||||||||||||| ||und||
082 _bPNVM-67547
100 _aशहा घनश्याम / अनु. वेंगुर्लेकर योगिनी.
245 _aसामाजिक चळवळ आणि सरकार.
260 _b"डायमंड पब्लिकेशन,पुणे."
260 _c67547
300 _a483
600 _aशहा घनश्याम / अनु. वेंगुर्लेकर योगिनी.
630 _aसामाजिक चळवळ आणि सरकार.
700 _aशहा घनश्याम / अनु. वेंगुर्लेकर योगिनी.
730 _aसामाजिक चळवळ आणि सरकार.
942 _cBOOK
999 _c1334076
_d1334073